Baní o Engracia y Antoñita. / (Registro nro. 13476)

Detalles MARC
000 -LIDER
fixed length control field 00886nam a2200265 a 4500
001 - NÚMERO DE CONTROL
Identificador de número de control
003 - IDENTIFICACDOR DE NÚMERO DE CONTROL
control field
005 - DATE AND TIME OF LATEST TRANSACTION
control field 20210511112152.0
008 - ELEMENTOS DE LONGITUD FIJA
fixed length control field 111006s2019 dr 000 0 spa d
020 ## - ISBN
International Standard Book Number 9789945503548
040 ## - FUENTE DE CATALOGACIÓN
Agencia que crea de manera original el registro BPMSU
Idioma de catalogación spa
Agencia que realiza la transcripción BPMSU
082 ## - NÚMERO DE CLASIFICACIÓN DECIMAL DE DEWEY
Classification number RD863.3
Item number B598b
Edition number 22
100 1# - ASIENTO PRINCIPAL -- NOMBRE PERSONAL
Nombre personal Billini, Francisco Gregorio,
Fechas asociadas con el nombre 1988-1898
245 10 - MENCIÓN DE TITULO
Título Baní o Engracia y Antoñita. /
Mención de responsabilidad Francisco Gregorio Billini ; prólogo Olivier Batista Lemaire.
260 ## - PUBLICACIÓN, DISTRIBUCIÓN, ETC. (PIE DE IMPRENTA)
Lugar de publicación, distribución, etc Santo Domingo :
Nombre del editor, distribuidor, etc. Editora Nacional ;
-- Ministerio de Cultura,
Fecha de publicación, distribución, etc 2019
300 ## - DESCRIPCIÓN FÍSICA
Extensión 357 p. ;
Dimensiones 20 cm.
490 0# - MENCIÓN DE SERIES
Mención de serie Biblioteca dominicana básica
500 ## - NOTA GENERAL
Materiales especificados Incluye datos biográficos del autor en la solapa de la cubierta
590 ## - NOTA LOCAL
Enlace Inventariado, 2021/VM
650 #4 - ENCABEZAMIENTO DE MATERIA--TEMÁTICO
Término temático o nombre geográfico como elemento de entrada Novela dominicana
650 #4 - ENCABEZAMIENTO DE MATERIA--TEMÁTICO
Término temático o nombre geográfico como elemento de entrada Literatura dominicana
700 1# - ASIENTO SECUNDARIO -- NOMBRE PERSONAL
Nombre personal Batista Lemaire.Olivier
Mención de responsabilidad pról.
910 ## - VALIDACIÓN
Validación VMateo
942 ## - ADDED ENTRY ELEMENTS (KOHA)
Source of classification or shelving scheme Dewey Decimal Classification
Koha item type Libros
Existencias
Withdrawn status Lost status Source of classification or shelving scheme Damaged status Not for loan Collection code Home library Current library Date acquired Source of acquisition Full call number Barcode Date last seen Price effective from Koha item type Copy number
    Dewey Decimal Classification     Colección Dominicana Biblioteca Pública Metropolitana Salomé Ureña Biblioteca Pública Metropolitana Salomé Ureña 05/11/2021 Editora Nacional BPMSU CD RD863.3 B598b 2019 BPMSU21050035 05/11/2021 05/11/2021 Libros  
    Dewey Decimal Classification     Colección Dominicana Biblioteca Pública Metropolitana Salomé Ureña Biblioteca Pública Metropolitana Salomé Ureña 05/11/2021 Editora Nacional BPMSU CD RD863.3 B598b 2019 BPMSU21050036 05/11/2021 05/11/2021 Libros e.2
    Dewey Decimal Classification     Colección Dominicana Biblioteca Pública Metropolitana Salomé Ureña Biblioteca Pública Metropolitana Salomé Ureña 05/11/2021 Editora Nacional BPMSU CD RD863.3 B598b 2019 BPMSU21050037 05/11/2021 05/11/2021 Libros e.3